000 00434nam a2200181Ia 4500
008 200601s9999 xx 000 0 und d
020 _a0-450-50814-5
050 _aFIC AI5w
050 _b1988
100 _aAllbeury, Ted
245 2 _aA Wilderness of mirrors /
245 0 _cTed Allbeury.
260 _aGreat Britain :
260 _bHodder and Stoughtom Ltd.
260 _c1988
300 _a255 pages :
300 _c18 cm.
999 _c363450
_d363450